Statistics for Growtopia Quiz

Click here to take the quiz!

General Stats

  • This quiz has been taken 191 times
    (182 since last reset)
  • The average score is 8 of 11

Answer Stats

QuestionAnswer% Correct
What is the Company of Growtopia?Ubisoft
90%
How do you dance in Growtopia?/dance
90%
Who is the creator of Growtopia?Seth
87%
How many world locks is a diamond lock?100
87%
What is the phone number of Crazy Jim?12345
83%
How many gems do u get from a dirt1
79%
How many stuff fits in a item?200
74%
Can you get scammed in Growtopia?Yes
72%
How many gems cost to broadcast?300
61%
What is the purpose of Growtopia?To have fun
56%
How many gems do you get from chandelier?16 - 22
42%

Score Distribution

Percentile by Number Answered

Percent of People with Each Score

Your Score History

You have not taken this quiz since the last reset